00651nam a22001937a 4500999001700000082001600017100001200033100002400045100003900069245004300108260002700151300000800178700003600186700004000222700003600262700004200298942001100340952010600351 c58536d58533 aR/5BS(CS)12 aZeeshan aRoll No. 12BS(CS)06 aSupervisor - Engr. M. Awais Rajput aVisitor log System Using RFID and GSM. aNawabshahbQUESTc2016 a39p aSaqib Ali (Roll No. 12BS(CS)25) aAia-ur-Rehman (Roll No. 12BS(CS)44) aGhazanfar (Roll No. 12BS(CS)34) aShankar Motwani (Roll No. 12BS(CS)53) cTHESIS 00104070aRESEARCHbRESEARCHd2018-04-25l0oR/5BS(CS)12pBSCSP/13-130r2018-04-25 00:00:00yTHESIS